000 00464nam a2200181Ia 4500
008 230524s9999 xx 000 0 und d
020 _a8170087910
082 _a624.15136
_bPUN
100 _aB.C.Punmia
245 0 _aSoil Mechanics and Foundations
250 _a16
260 _aNew Delhi
_bLaxmi Publications
_c2014
300 _a"VIII,911p;"
500 _aQuantity Number: 57
650 _aCivil
700 _a"Ashok K. Jain, Arun K. Jain"
942 _cBK
999 _c54791
_d54791